Statistics for Dim Sum at Yum Cha 粵式點心

Click here to take the quiz!

General Stats

  • This quiz has been taken 9 times
  • The average score is 10 of 16

Answer Stats

Answer% Correct
叉燒包 Barbeque Pork Bun
88%
豆腐花 Douhua
88%
蝦餃 Har Gow
88%
鳳爪 Chicken Feet
75%
蛋撻 Egg Tart
75%
糯米雞 Lo Mai Gai
75%
燒賣 Shu Mai
75%
馬來糕 Malaysian Sponge Cake
63%
腸粉 Rice Noodle Roll
63%
牛百葉 Beef Tripe
50%
春卷 Spring Roll
50%
山竹牛肉 Steamed Meatball
50%
煎堆 Jian Dui
38%
鮮竹卷 Tofu Skin Roll
38%
潮州粉粿 Fun Guo
25%
鹹水角 Mixed Puff with Pork
25%

Score Distribution

Percentile by Number Answered

Percent of People with Each Score

Your Score History

You have not taken this quiz